000 00402nmm a2200145Ia 4500
008 251105s9999||||xx |||||||||||||||||und||
041 _aspa
100 _aRomero, Antonia
245 0 _aLa tumba compartida
264 _a[Madrid, España] :
_bEdiciones B,
_c2012
300 _a376 páginas
650 _aThriller & Suspense
856 _uhttps://public.digitaliapublishing.com/a/53082
942 _cCF
999 _c104537
_d104537